| 000 | 00680nam a22002177a 4500 | ||
|---|---|---|---|
| 999 |
_c15859 _d15859 |
||
| 003 | AR-CdUCM | ||
| 008 | 190430b ||||| |||| 00| 0 spa d | ||
| 040 |
_aMUNICIPALIDAD PROVINCIAL DEL CUSCO _cBIBLIOTECA MUNICIPAL DEL CUSCO |
||
| 082 |
_aPI / 372 / _bT16 |
||
| 100 |
_aTalavera, Mariela. _935061 |
||
| 245 | _aMi casa / | ||
| 260 |
_aCusco : _c2011. _bEdiciones Margarita. |
||
| 300 |
_a7 páginas ; _c16 cm. |
||
| 500 | _aLibros de lectura inicial. | ||
| 505 | _aContenido :Mi casa ... | ||
| 650 |
_aLectura inicial. _935062 |
||
| 650 |
_aPrimera infancia. _924660 |
||
| 700 |
_aTalavera Ballon (ilustraciones) _935063 |
||
| 942 |
_2ddc _cLIBROS |
||
| 945 |
_arum _d2019-04-30 |
||